Materiales no librarios en las bibliotecas : (Record no. 9069)

MARC details
000 -LEADER
campo de control de longitud fija 01084nam a2200289 i 4500
001 - NÚMERO DE CONTROL
campo de control 9069
003 - IDENTIFICADOR DE NÚMERO DE CONTROL
campo de control ES-MaACL
005 - FECHA Y HORA DE LA ÚLTIMA TRANSACCIÓN
campo de control 20250824201529.0
008 - DATOS DE LONGITUD FIJA--INFORMACIÓN GENERAL
campo de control de longitud fija 930203s1992 sp a 00110 spa d
020 ## - NÚMERO INTERNACIONAL ESTÁNDAR DEL LIBRO
Número Internacional Estándar del Libro 84-86168-72-4
080 ## - NÚMERO DE LA CLASIFICACIÓN DECIMAL UNIVERSAL
Número de la Clasificación Decimal Universal 025.174/.179
100 1# - ENTRADA PRINCIPAL--NOMBRE DE PERSONA
Nombre de persona Fothergill, Richard.
9 (RLIN) 51912
245 10 - MENCIÓN DEL TÍTULO
Título Materiales no librarios en las bibliotecas :
Resto del título guía práctica /
Mención de responsabilidad, etc. Richard Fothergill, Ian Butchart ; traducción del inglés, Purificación Moscoso Castro.
250 ## - MENCION DE EDICION
Mención de edición 3ª ed. original.
260 ## - PUBLICACIÓN, DISTRIBUCIÓN, ETC.
Lugar de publicación, distribución, etc. Madrid :
Nombre del editor, distribuidor, etc. Fundación Germán Sánchez Ruipérez :
-- Pirámide,
Fecha de publicación, distribución, etc. 1992.
300 ## - DESCRIPCIÓN FÍSICA
Extensión 376 p. :
Otras características físicas il ;
Dimensiones 21 cm.
490 1# - MENCIÓN DE SERIE
Mención de serie Biblioteca del libro
504 ## - NOTA DE BIBLIOGRAFÍA, ETC.
Nota de bibliografía, etc. Bibliografía: p. 371-375.
650 #4 - PUNTO DE ACCESO ADICIONAL DE MATERIA--TÉRMINO DE MATERIA
Término de materia o nombre geográfico como elemento de entrada Bibliotecas-
Subdivisión general Colecciones especiales-
Subdivisión de forma Materiales no librarios.
9 (RLIN) 175332
700 1# - ENTRADA AGREGADA--NOMBRE PERSONAL
Nombre de persona Butchart, Ian.
9 (RLIN) 32933
700 1# - ENTRADA AGREGADA--NOMBRE PERSONAL
Nombre de persona Moscoso, Purificación.
9 (RLIN) 83751
830 10 - PUNTO DE ACCESO ADICIONAL DE SERIE-TÍTULO UNIFORME
Título uniforme Biblioteca del libro
9 (RLIN) 177916
852 4# - LOCALIZACIÓN
Ubicación ES-MaACL
Número de control de estantería L-16510
852 4# - LOCALIZACIÓN
Ubicación ES-MaACL
Número de control de estantería A-15085
itemnumber 9329
Sublocalización o colección 134129
Ubicación en estantería Depósito 1
Signatura antigua Olim: 025.174 FOT mat
942 ## - ELEMENTOS DE ENTRADA SECUNDARIOS (KOHA)
Fuente del sistema de clasificación o colocación Clasificación decimal universal
Holdings
Estatus retirado Estado de pérdida Fuente del sistema de clasificación o colocación Estado de daño No para préstamo Biblioteca de origen Biblioteca actual Ubicación en estantería Fecha de adquisición Fuente de adquisición Total de préstamos Signatura topográfica completa Código de barras Visto por última vez Precio de reemplazo Tipo de ítem Koha
    Clasificación decimal universal     Biblioteca del Ateneo de Madrid Biblioteca del Ateneo de Madrid Depósito 1 08/10/2022 Compra   A-15085 1204204 23/02/2023 23/02/2023 Libro impreso
          Biblioteca del Ateneo de Madrid Biblioteca del Ateneo de Madrid Depósito 2 17/01/2008     L-16510 1009257 23/02/2023 23/02/2023 Libro impreso